<?xml version="1.0" encoding="UTF-8"?><marc:collection xmlns:marc="http://www.loc.gov/MARC21/slim">
  <marc:record>
    <marc:leader>03935nas a2200685 c 4500</marc:leader>
    <marc:controlfield tag="001">010004017</marc:controlfield>
    <marc:controlfield tag="003">DE-101</marc:controlfield>
    <marc:controlfield tag="005">20250709213531.0</marc:controlfield>
    <marc:controlfield tag="007">tu</marc:controlfield>
    <marc:controlfield tag="008">991118c19299999xx q||p|  ||| 0||||1cze c</marc:controlfield>
    <marc:datafield tag="016" ind1="7" ind2=" ">
      <marc:subfield code="2">DE-600</marc:subfield>
      <marc:subfield code="a">486-8</marc:subfield>
    </marc:datafield>
    <marc:datafield tag="016" ind1="7" ind2=" ">
      <marc:subfield code="2">DE-101</marc:subfield>
      <marc:subfield code="a">010004017</marc:subfield>
    </marc:datafield>
    <marc:datafield tag="022" ind1=" " ind2=" ">
      <marc:subfield code="a">0044-8699</marc:subfield>
    </marc:datafield>
    <marc:datafield tag="035" ind1=" " ind2=" ">
      <marc:subfield code="a">(DE-599)ZDB486-8</marc:subfield>
    </marc:datafield>
    <marc:datafield tag="035" ind1=" " ind2=" ">
      <marc:subfield code="a">(OCoLC)1367310501</marc:subfield>
    </marc:datafield>
    <marc:datafield tag="040" ind1=" " ind2=" ">
      <marc:subfield code="a">9001</marc:subfield>
      <marc:subfield code="b">ger</marc:subfield>
      <marc:subfield code="c">DE-101</marc:subfield>
      <marc:subfield code="d">9999</marc:subfield>
    </marc:datafield>
    <marc:datafield tag="041" ind1=" " ind2=" ">
      <marc:subfield code="a">cze</marc:subfield>
      <marc:subfield code="a">eng</marc:subfield>
      <marc:subfield code="a">ger</marc:subfield>
    </marc:datafield>
    <marc:datafield tag="042" ind1=" " ind2=" ">
      <marc:subfield code="a">zdb</marc:subfield>
    </marc:datafield>
    <marc:datafield tag="044" ind1=" " ind2=" ">
      <marc:subfield code="c">XA-CSHH</marc:subfield>
      <marc:subfield code="c">XA-CZ</marc:subfield>
    </marc:datafield>
    <marc:datafield tag="082" ind1="7" ind2="4">
      <marc:subfield code="a">050</marc:subfield>
      <marc:subfield code="q">DE-101</marc:subfield>
      <marc:subfield code="2">22sdnb</marc:subfield>
    </marc:datafield>
    <marc:datafield tag="083" ind1="7" ind2=" ">
      <marc:subfield code="a">890</marc:subfield>
      <marc:subfield code="q">DE-600</marc:subfield>
      <marc:subfield code="2">22sdnb</marc:subfield>
    </marc:datafield>
    <marc:datafield tag="084" ind1=" " ind2=" ">
      <marc:subfield code="a">6,31</marc:subfield>
      <marc:subfield code="a">6,32</marc:subfield>
      <marc:subfield code="a">7,41</marc:subfield>
      <marc:subfield code="2">ssgn</marc:subfield>
    </marc:datafield>
    <marc:datafield tag="084" ind1=" " ind2=" ">
      <marc:subfield code="a">NAHOST</marc:subfield>
      <marc:subfield code="q">DE-3</marc:subfield>
      <marc:subfield code="2">fid</marc:subfield>
    </marc:datafield>
    <marc:datafield tag="084" ind1=" " ind2=" ">
      <marc:subfield code="a">AFRIKA</marc:subfield>
      <marc:subfield code="q">DE-30</marc:subfield>
      <marc:subfield code="2">fid</marc:subfield>
    </marc:datafield>
    <marc:datafield tag="084" ind1=" " ind2=" ">
      <marc:subfield code="a">EL 1000</marc:subfield>
      <marc:subfield code="2">rvk</marc:subfield>
    </marc:datafield>
    <marc:datafield tag="245" ind1="0" ind2="0">
      <marc:subfield code="a">Archiv orientální</marc:subfield>
      <marc:subfield code="b">ArOr : journal of African and Asian studies = Oriental archive</marc:subfield>
      <marc:subfield code="c">Oriental Institute of the Academy of Sciences of the Czech Republic</marc:subfield>
    </marc:datafield>
    <marc:datafield tag="246" ind1="1" ind2="1">
      <marc:subfield code="a">Oriental archive</marc:subfield>
    </marc:datafield>
    <marc:datafield tag="246" ind1="3" ind2=" ">
      <marc:subfield code="a">ArOr</marc:subfield>
    </marc:datafield>
    <marc:datafield tag="246" ind1="1" ind2=" ">
      <marc:subfield code="i">Abweichender Titel teils</marc:subfield>
      <marc:subfield code="a">Zeitschrift des Orientalischen Institutes Prag</marc:subfield>
    </marc:datafield>
    <marc:datafield tag="246" ind1="1" ind2=" ">
      <marc:subfield code="i">Abweichender Titel teils</marc:subfield>
      <marc:subfield code="a">Journal of the Czechoslovak Oriental Institute, Prague</marc:subfield>
    </marc:datafield>
    <marc:datafield tag="246" ind1="1" ind2=" ">
      <marc:subfield code="i">Paralleltitel teils</marc:subfield>
      <marc:subfield code="a">Archiv orientalńuj</marc:subfield>
    </marc:datafield>
    <marc:datafield tag="246" ind1="1" ind2=" ">
      <marc:subfield code="i">Titelzusatz früher</marc:subfield>
      <marc:subfield code="a">quarterly journal of African and Asian studies</marc:subfield>
    </marc:datafield>
    <marc:datafield tag="264" ind1="3" ind2="1">
      <marc:subfield code="a">Praha</marc:subfield>
      <marc:subfield code="b">Akademia Publ. House</marc:subfield>
      <marc:subfield code="c">1929-</marc:subfield>
    </marc:datafield>
    <marc:datafield tag="264" ind1="2" ind2="1">
      <marc:subfield code="3">anfangs</marc:subfield>
      <marc:subfield code="a">Praha</marc:subfield>
      <marc:subfield code="b">Ústav</marc:subfield>
    </marc:datafield>
    <marc:datafield tag="264" ind1="2" ind2="1">
      <marc:subfield code="3">früher</marc:subfield>
      <marc:subfield code="a">Stuttgart [u.a.]</marc:subfield>
      <marc:subfield code="b">Kohlhammer</marc:subfield>
    </marc:datafield>
    <marc:datafield tag="264" ind1="2" ind2="1">
      <marc:subfield code="3">früher</marc:subfield>
      <marc:subfield code="a">Prag</marc:subfield>
      <marc:subfield code="b">Inst.</marc:subfield>
    </marc:datafield>
    <marc:datafield tag="336" ind1=" " ind2=" ">
      <marc:subfield code="a">Text</marc:subfield>
      <marc:subfield code="b">txt</marc:subfield>
      <marc:subfield code="2">rdacontent</marc:subfield>
    </marc:datafield>
    <marc:datafield tag="337" ind1=" " ind2=" ">
      <marc:subfield code="a">ohne Hilfsmittel zu benutzen</marc:subfield>
      <marc:subfield code="b">n</marc:subfield>
      <marc:subfield code="2">rdamedia</marc:subfield>
    </marc:datafield>
    <marc:datafield tag="338" ind1=" " ind2=" ">
      <marc:subfield code="a">Band</marc:subfield>
      <marc:subfield code="b">nc</marc:subfield>
      <marc:subfield code="2">rdacarrier</marc:subfield>
    </marc:datafield>
    <marc:datafield tag="362" ind1="0" ind2=" ">
      <marc:subfield code="a">1.1929 - 13.1942; 15.1944(1946),3/4 -</marc:subfield>
    </marc:datafield>
    <marc:datafield tag="363" ind1="0" ind2="1">
      <marc:subfield code="8">1.1\x</marc:subfield>
      <marc:subfield code="i">1929</marc:subfield>
    </marc:datafield>
    <marc:datafield tag="500" ind1=" " ind2=" ">
      <marc:subfield code="a">Einzelne Hefte auch als special issue bezeichnet</marc:subfield>
    </marc:datafield>
    <marc:datafield tag="515" ind1=" " ind2=" ">
      <marc:subfield code="a">Ersch. vierteljährl.; ersch. ab 79.2011 3x jährl.</marc:subfield>
    </marc:datafield>
    <marc:datafield tag="546" ind1=" " ind2=" ">
      <marc:subfield code="a">Beitr. teilw. in dt., teilw. in engl., teilw. in franz. und teilw. in tschech. Sprache</marc:subfield>
    </marc:datafield>
    <marc:datafield tag="550" ind1=" " ind2=" ">
      <marc:subfield code="a">Beteil. Körp. anfangs: Československy Orientální Ústav v Praze; bis 60.1992: Československa Akademie Véd Orientální Ústav; 61.1993 - 62.1994: Oriental Institute of the Czech Academy of Science</marc:subfield>
    </marc:datafield>
    <marc:datafield tag="555" ind1="8" ind2=" ">
      <marc:subfield code="a">Index 1/60.1929/92=64.1996,4</marc:subfield>
    </marc:datafield>
    <marc:datafield tag="650" ind1=" " ind2="7">
      <marc:subfield code="0">(DE-588)4027743-4</marc:subfield>
      <marc:subfield code="0">https://d-nb.info/gnd/4027743-4</marc:subfield>
      <marc:subfield code="0">(DE-101)040277437</marc:subfield>
      <marc:subfield code="a">Islam</marc:subfield>
      <marc:subfield code="9">rswk-swf</marc:subfield>
      <marc:subfield code="2">gnd</marc:subfield>
    </marc:datafield>
    <marc:datafield tag="655" ind1=" " ind2="7">
      <marc:subfield code="0">(DE-588)4067488-5</marc:subfield>
      <marc:subfield code="0">https://d-nb.info/gnd/4067488-5</marc:subfield>
      <marc:subfield code="0">(DE-101)040674886</marc:subfield>
      <marc:subfield code="a">Zeitschrift</marc:subfield>
      <marc:subfield code="2">gnd-content</marc:subfield>
    </marc:datafield>
    <marc:datafield tag="689" ind1="0" ind2="0">
      <marc:subfield code="0">(DE-588)4027743-4</marc:subfield>
      <marc:subfield code="0">https://d-nb.info/gnd/4027743-4</marc:subfield>
      <marc:subfield code="0">(DE-101)040277437</marc:subfield>
      <marc:subfield code="D">s</marc:subfield>
      <marc:subfield code="a">Islam</marc:subfield>
    </marc:datafield>
    <marc:datafield tag="689" ind1="0" ind2=" ">
      <marc:subfield code="5">DE-600</marc:subfield>
      <marc:subfield code="5">DE-600</marc:subfield>
    </marc:datafield>
    <marc:datafield tag="710" ind1="2" ind2=" ">
      <marc:subfield code="0">(DE-588)1011835-4</marc:subfield>
      <marc:subfield code="0">https://d-nb.info/gnd/1011835-4</marc:subfield>
      <marc:subfield code="0">(DE-101)00406643X</marc:subfield>
      <marc:subfield code="a">Orientální Ústav</marc:subfield>
      <marc:subfield code="g">Prag</marc:subfield>
      <marc:subfield code="e">Herausgebendes Organ</marc:subfield>
      <marc:subfield code="4">isb</marc:subfield>
      <marc:subfield code="2">gnd</marc:subfield>
    </marc:datafield>
    <marc:datafield tag="710" ind1="2" ind2=" ">
      <marc:subfield code="0">(DE-588)1019466-6</marc:subfield>
      <marc:subfield code="0">https://d-nb.info/gnd/1019466-6</marc:subfield>
      <marc:subfield code="0">(DE-101)004112776</marc:subfield>
      <marc:subfield code="a">Československý Orientální Ústav</marc:subfield>
      <marc:subfield code="g">Prag</marc:subfield>
      <marc:subfield code="e">Herausgebendes Organ</marc:subfield>
      <marc:subfield code="4">isb</marc:subfield>
      <marc:subfield code="2">gnd</marc:subfield>
    </marc:datafield>
    <marc:datafield tag="770" ind1="0" ind2="8">
      <marc:subfield code="i">Supplement</marc:subfield>
      <marc:subfield code="a">Československý Orientální Ústav &lt;Prag&gt;</marc:subfield>
      <marc:subfield code="t">Bulletin of the Czechoslovak Oriental Institute, Prague</marc:subfield>
      <marc:subfield code="d">Praha : [Verlag nicht ermittelbar], 1931-1931</marc:subfield>
      <marc:subfield code="w">(DE-600)215058-X</marc:subfield>
      <marc:subfield code="w">(DE-101)011257474</marc:subfield>
    </marc:datafield>
    <marc:datafield tag="770" ind1="0" ind2="8">
      <marc:subfield code="i">Supplement</marc:subfield>
      <marc:subfield code="a">Orientální Ústav &lt;Prag&gt;</marc:subfield>
      <marc:subfield code="t">Bulletin of the Czechoslovak Oriental Institute, Prague</marc:subfield>
      <marc:subfield code="d">Praha : [Verlag nicht ermittelbar], 1938-1938</marc:subfield>
      <marc:subfield code="w">(DE-600)215057-8</marc:subfield>
      <marc:subfield code="w">(DE-101)011257466</marc:subfield>
    </marc:datafield>
    <marc:datafield tag="776" ind1="0" ind2="8">
      <marc:subfield code="i">Erscheint auch als</marc:subfield>
      <marc:subfield code="n">Online-Ausgabe</marc:subfield>
      <marc:subfield code="t">Archiv orientální</marc:subfield>
      <marc:subfield code="d">Praha : Akademia Publ. House, 1929-</marc:subfield>
      <marc:subfield code="h">Online-Ressource</marc:subfield>
      <marc:subfield code="w">(DE-600)2655917-1</marc:subfield>
      <marc:subfield code="w">(DE-101)1020824948</marc:subfield>
    </marc:datafield>
    <marc:datafield tag="785" ind1="0" ind2="8">
      <marc:subfield code="i">14.1943 - 15.1944,1/2</marc:subfield>
      <marc:subfield code="t">Archivum orientale Pragense</marc:subfield>
      <marc:subfield code="d">Stuttgart ; Prag : Kohlhammer, 1943-1946</marc:subfield>
      <marc:subfield code="x">0044-8699</marc:subfield>
      <marc:subfield code="w">(DE-600)574283-3</marc:subfield>
      <marc:subfield code="w">(DE-101)013241869</marc:subfield>
    </marc:datafield>
    <marc:datafield tag="787" ind1="0" ind2="8">
      <marc:subfield code="i">19,1-2=1949 von</marc:subfield>
      <marc:subfield code="a">Journées Scientifiques d'Orientalisme</marc:subfield>
      <marc:subfield code="t">&#152;Les&#156; actes des Journées Scientifiques d'Orientalisme</marc:subfield>
      <marc:subfield code="d">Praha : Orientální Ústav, 1952-1952</marc:subfield>
      <marc:subfield code="w">(DE-600)767302-4</marc:subfield>
      <marc:subfield code="w">(DE-101)014193930</marc:subfield>
    </marc:datafield>
    <marc:datafield tag="787" ind1="0" ind2="8">
      <marc:subfield code="i">17,1=1; 17,2=2; 18,1/2=3; 18,3=4; 18,4=5 von</marc:subfield>
      <marc:subfield code="t">Symbolae ad studia orientis pertinentes</marc:subfield>
      <marc:subfield code="d">Praha : [Verlag nicht ermittelbar], 1949-1950</marc:subfield>
      <marc:subfield code="w">(DE-600)1347837-0</marc:subfield>
      <marc:subfield code="w">(DE-101)01848719X</marc:subfield>
    </marc:datafield>
    <marc:datafield tag="850" ind1=" " ind2=" ">
      <marc:subfield code="a">DE-101a</marc:subfield>
    </marc:datafield>
    <marc:datafield tag="889" ind1=" " ind2=" ">
      <marc:subfield code="w">(DE-101)958249121</marc:subfield>
    </marc:datafield>
  </marc:record>
</marc:collection>
